header

Economic opportunities for women in the East Asia and Pacific region (Record no. 91124)

MARC details
000 -LEADER
fixed length control field 01551nam a2200373 a 4500
100 1# - MAIN ENTRY--AUTHOR NAME
Personal name Ellis, Amanda.
245 10 - TITLE STATEMENT
Title Economic opportunities for women in the East Asia and Pacific region
260 ## - PUBLICATION, DISTRIBUTION, ETC. (IMPRINT)
Place of publication Washington, D.C. :
Name of publisher World Bank,
Year of publication 2010.
300 ## - PHYSICAL DESCRIPTION
Number of Pages xiv, 103 p. :
Other physical details ill.
490 1# - SERIES STATEMENT
Series statement Directions in development. Private sector development
650 #0 - SUBJECT ADDED ENTRY--TOPICAL TERM
Topical Term Women
Topical Term Women
Topical Term Businesswomen
Topical Term Businesswomen
700 1# - ADDED ENTRY--PERSONAL NAME
Personal name Kirkwood, Daniel.
Personal name Malhotra, Dhruv.
856 40 - ELECTRONIC LOCATION AND ACCESS
Uniform Resource Identifier http://site.ebrary.com/lib/rucke/Doc?id=10389740

No items available.

© 2026 Rongo University
Contact us: librarian | system librarian | Rongo university